La formation de la pensée critique: théorie et pratique

Salvato in:
Dettagli Bibliografici
Autore principale: Boisvert, Jacques
Natura: Libro
Lingua:francese
Pubblicazione: Quebec, Canada Renouveau Pédagogique 1999
Serie:Pratiques Pédagogiques
Soggetti:
Tags: Aggiungi Tag
Nessun Tag, puoi essere il primo ad aggiungerne!!

MARC

LEADER 00000nam a2200000 a 4500
001 UCN7745
003 CL-VaPUC
005 20210924074307.0
008 011026e19990000CN |||||||||||||||||fre|d
999 |c 297954  |d 297952 
040 |c Pontificia Universidad Católica de Valparaíso 
082 0 4 |a 370.1524 BOI 1999  |2 21 
100 0 |a Boisvert, Jacques  |9 463789 
245 1 3 |a La formation de la pensée critique: théorie et pratique 
260 0 3 |a Quebec, Canada  |b Renouveau Pédagogique  |c 1999 
300 |a 152 páginas 
490 0 |a Pratiques Pédagogiques 
583 |a last modification  |c 20011026 00:00:00  |k Rodrigo Vera 
650 0 |a Razonamiento  |9 256520 
650 7 |a SOLUCION DE PROBLEMAS  |2 CL-VaPUC  |9 270958 
650 0 |a Psicología educacional   |9 307830 
650 0 |a Desarrollo individual   |9 307875 
942 |c BK  |2 ddc 
945 |d 20011026 00:00:00  |a cmena 
952 |0 0  |1 0  |2 ddc  |4 0  |6 370_152400000000000_BOI_1999  |7 0  |8 A  |9 353014  |a BIBMAT  |b BIBMAT  |c E_DIDACT  |d 2019-11-21  |i 3666549  |o 370.1524 BOI 1999  |p 3666549  |r 2025-01-07  |t 1  |w 2019-11-21  |y BK  |k MAT